000 00294nam a2200121 a 4500
001 000003306
005 20200929150417.0
008 090707s2008 000 spa d
020 _a9789945001280
245 0 _aCuentos infantiles. Tomo 3.
260 _aSanto Domingo,
_c2008.
999 _c3137
_d3137
040 _aDO-SdBNP